Chanson à trous : La Petite Sirène - Partir là‐bas - Statistiques

Statistiques générales
  • Ce quiz a été pris 111 fois
  • Le résultat moyen est 16 sur 18
Statistiques - réponses
Couplets Partir là-bas - La Petite Sirène % Correct
3 Ne crois-tu pas que je suis bien trop gâtée par {la} {vie} ?
99%
9 Le voir marcher sur ses... Comment ça s'appelle ? Ah ! {Pieds}...
98%
15 Femmes {sirènes}, femmes humaines, j'ai fait mon choix !
94%
17 Qu'est-ce que le feu? Pourquoi est-ce qu'il... Quoi déjà ? {Brûle} !
94%
5 En voyant ça tu te dis: "Oui, c'est un {paradis} !"
93%
10 On ne va nulle part en battant {des} {nageoires} Il faut des jambes pour sauter et danser
93%
18 Un jour viendra, je partirai, je partirai sans aucun regret Vivre {sur} {terre}, loin de la mer Partir là-bas.
90%
7 Tu veux un tire-baba ? J'en ai {des} {tas} ! Mais tout ça m'indiffère et m'ennuye
89%
8 Moi je voudrais parcourir le monde Moi je voudrais voir le monde {danser}
88%
14 Pour caresser les grains dorés du {sable} {chaud} Les hommes comprennent, j'en suis certaine Et leurs filles peuvent aimer sans frayeur !
88%
12 Si l'homme marche, si l'homme court, S'il peut sur terre {rêver} au grand jour
86%
16 Moi je veux savoir, moi je veux pouvoir {poser} {des} {questions} et qu'on me réponde
85%
11 Flâner le longs de ces... Comment ça s'appelle ? {Rues}...
83%
2 Tous ces secrets que j'ai gardés Ne crois-tu pas que {les} {fées} m'ont comblée?
81%
13 Comme j'aimerais si je pouvais partir là-bas Je donnerais tout ce que j'ai pour {partir} {d}'{ici}
79%
6 J'ai des {gadgets}, des trucs chocs, des trucs chouettes J'ai des couics et des couacs à gogo
78%
4 Vois ces trésors, vois ces merveilles Toutes ces {richesses} qui brillent comme des soleils
77%
1 Je ne vois pas les choses de la même façon, Comment est-ce qu'un monde qui fait d'aussi beaux objets Peut être aussi {barbare} ?
74%
Aucun quiz correspondant
Distribution des résultats
% des personnes avec chaque résultat
Percentile par nombre de réponses
Votre historique - résultats
Vous n’avez pas pris ce quiz